000 00473nmm a2200169Ia 4500
008 251105s9999||||xx |||||||||||||||||und||
020 _a8497425278
041 _aspa
100 _aOrriols, Álvaro de
245 0 _aNervio :
_b Poesías
264 _a[Madrid, España] :
_bBiblioteca Nueva,
_c2006
300 _a112 páginas
490 _aPoesía clásica y moderna
650 _aSpanish poetry
856 _uhttps://public.digitaliapublishing.com/a/5303
942 _cCF
999 _c74218
_d74218